000 00609nam a22001937a 4500
999 _c21294
_d21294
003 AR-CdUCM
008 190327b ||||| |||| 00| 0 spa d
040 _aMUNICIPALIDAD PROVINCIAL DEL CUSCO
_cBIBLIOTECA MUNICIPAL DEL CUSCO
082 _aEP/869/A64
_bA64
100 _aApaza Gómez, Sergio
_944460
245 _a¿Leemos? /
260 _aCusco ;
_bEl Garabato,
_c2017.
300 _a139 Páginas ;
_c21 cm.
505 _aContenido: La ranita bailarina -- Los chicos traviesos ...
650 _aLiteratura infantil
_9588
650 _aLiteratura cusqueña
_944461
942 _2ddc
_cLIBROS
945 _aRoel